| 000 | 00424nam a2200169Ia 4500 | ||
|---|---|---|---|
| 005 | 20250423100837.0 | ||
| 008 | 250422s9999 xx 000 0 und d | ||
| 020 | _a9780312375331 | ||
| 050 | _aPR 6061 .E26 R78/ | ||
| 100 | _aKeating, H.R.F. | ||
| 245 | 0 | _aRules, regs and rotten eggs | |
| 260 | _aNew York | ||
| 260 | _bThomas Dunne Books/St. Martin’s Minotaur | ||
| 260 | _c2008 | ||
| 300 | _a264 p | ||
| 942 | _cBK | ||
| 999 |
_c34511 _d34511 |
||